00704cam a22002052 450000100060000000300080000600500170001400800410003103500190007204000420009104100080013308200180014110000490015924500620020826000450027030000330031550000880034865000130043670000490044921532BD-RjUL20211209000710.0140304s1957 nyua 000 0 eng  a(BD-RjUL)21596 aDLCcURBdMCLdSERdOCLdBD-RjULbeng aeng a590bGUG 19611 aGuthrie, Mary J.d1895-q Mary Jane Guthrie.10aGeneral zoology /cby Mary J. Guthrie , John M. Anderson aNew York :bWiley,c1957 [Printing 1961] axv, 708 p. :bill. ;c24 cm. a"Based on the work Textbook of general zoology, by W. C. Curtis and M. J. Guthrie." 0aZoology.1 aAnderson, J. Maxwellq(John Maxwell),d1917-